000 00302nam a22001217a 4500
082 _a574
_bDIN/B
100 _aS.DINESH
245 _aCCE BASED CBSE EXAMINATION PAPERS 2010-2011
_bCLASS IX
260 _aJALANDHAR
_bS.DINESH & CO
_c2010
300 _a48
650 _aBIOLOGY EXAM PAPERS
_zINDIA
942 _cBK
999 _c918
_d918